000
00335 a2200157 4500
001
190823
020
_a
85-98708-04-6
040
_c
Magnum
100
_a
Gonçalves, Jaqueline Frade
240
1
0
_a
Medo de escuro
_l
por
245
1
0
_a
Medo de escuro
300
_a
16
362
0
_a
2004
697
_a
LITERATURA INFANTIL
942
_c
BK
999
_c
190823
_d
190823